Groups of 7 - Part 2 - Statistics

General Stats
  • This quiz has been taken 60 times
  • The average score is 34 of 49
Answer Stats
Hint Answer % Correct
7 Musical Notes A
100%
7 Continents Africa
100%
7 Continents Antarctica
100%
7 Continents Asia
100%
7 Musical Notes B
100%
7 Musical Notes C
100%
7 Musical Notes E
100%
7 Continents North America
100%
7 Continents South America
100%
7 Continents Europe
98%
7 Countries on the Arabian Peninsula Oman
96%
7 Countries on the Arabian Peninsula UAE
96%
7 Musical Notes G
95%
7 Countries on the Arabian Peninsula Yemen
95%
7 Musical Notes D
93%
7 Musical Notes F
93%
7 Countries on the Arabian Peninsula Qatar
93%
7 Countries on the Arabian Peninsula Saudi Arabia
93%
7 Metals of Antiquity Gold
89%
7 Countries on the Arabian Peninsula Kuwait
89%
7 Metals of Antiquity Silver
89%
7 Countries on the Arabian Peninsula Bahrain
88%
7 Continents Oceania
86%
7 Metals of Antiquity Copper
84%
7 Deadly Sins Greed
81%
7 Metals of Antiquity Iron
81%
7 Deadly Sins Sloth
81%
7 Deadly Sins Gluttony
75%
7 Deadly Sins Envy
74%
7 Metals of Antiquity Tin
68%
7 Deadly Sins Lust
67%
7 Deadly Sins Wrath
67%
7 Metals of Antiquity Lead
58%
7 Deadly Sins Pride
56%
7 Metals of Antiquity Mercury
49%
7 Heavenly Virtues Charity
39%
7 Heavenly Virtues Chastity
37%
7 Heavenly Virtues Humility
35%
7 Divisions at the Westminster Dog Show Hound
33%
7 Divisions at the Westminster Dog Show Working
33%
7 Heavenly Virtues Kindness
32%
7 Divisions at the Westminster Dog Show Terrier
30%
7 Divisions at the Westminster Dog Show Toy
30%
7 Heavenly Virtues Patience
26%
7 Divisions at the Westminster Dog Show Herding
18%
7 Divisions at the Westminster Dog Show Sporting
18%
7 Heavenly Virtues Temperance
18%
7 Heavenly Virtues Diligence
7%
7 Divisions at the Westminster Dog Show Non-Sporting
5%
No matching quizzes found
Score Distribution
Percent of People with Each Score
Percentile by Number Answered
Your Score History
You have not taken this quiz